Flags of the top 10 biggest countries - Statistics

General Stats
  • This quiz has been taken 66 times
  • The average score is 10 of 10
Answer Stats
Picture Answer % Correct
Australia
100%
Brazil
100%
Canada
100%
China
100%
Russia
100%
Argentina
98%
United States
98%
India
96%
Kazakhstan
88%
Algeria
82%
No matching quizzes found
Score Distribution
Percent of People with Each Score
Percentile by Number Answered
Your Score History
You have not taken this quiz